Southville International School and Colleges
Your cart is empty.
  • Cart
  • Lists
    Public lists Eva Luna New books Lux_list list_1
    Your lists Log in to create your own lists
  • Log in to your account
  • Your cookies
  • Search history
Southville International School and Colleges
  • Advanced search
  • Recent comments
  • Most popular
  • Libraries

Log in to your account

Log in with GOOGLE


If you do not have an external account, but do have a local account, you can still log in:

  1. Home
  2. MARC view: Alexander wish /
Normal view MARC view ISBD view

Alexander wish / (Record no. 103709)

[ view plain ]
MARC details
000 -LEADER
fixed length control field 00450nam a2200157 a 4500
005 - DATE AND TIME OF LATEST TRANSACTION
control field 20140412111306.0
008 - FIXED-LENGTH DATA ELEMENTS--GENERAL INFORMATION
fixed length control field 010502s19uu xx 00 eng d
020 ## - INTERNATIONAL STANDARD BOOK NUMBER
International Standard Book Number 0-201-54176-9
050 ## - LIBRARY OF CONGRESS CALL NUMBER
Classification number TR(PS E
Item number Al1 1987
100 ## - MAIN ENTRY--PERSONAL NAME
Personal name Edwards, Pat
245 ## - TITLE STATEMENT
Title Alexander wish /
Statement of responsibility, etc Pat Edwards; illustrated by Alice Englander.
260 ## - PUBLICATION, DISTRIBUTION, ETC. (IMPRINT)
Place of publication, distribution, etc Canada :
Name of publisher, distributor, etc Longman Cheshire Pty. Ltd,
Date of publication, distribution, etc 1987.
300 ## - PHYSICAL DESCRIPTION
Extent 23p. ; ill.
650 ## - SUBJECT ADDED ENTRY--TOPICAL TERM
Topical term or geographic name as entry element Wish-Fiction
Holdings
Withdrawn status Lost status Damaged status Home library Current library Shelving location Date acquired Source of acquisition Total Checkouts Full call number Barcode Date last seen Price effective from Koha item type
      Elizalde Library Elizalde Library Teachers Reference Section 05/02/2001     TR(PS E Al1 1987 E5756 04/12/2014 04/12/2014 Books

Alexander wish /

APA

Edwards P., . (1987). Alexander wish. Canada: Longman Cheshire Pty. Ltd.

Chicago

Edwards Pat, . 1987. Alexander wish. Canada: Longman Cheshire Pty. Ltd.

Harvard

Edwards P., . (1987). Alexander wish. Canada: Longman Cheshire Pty. Ltd.

MLA

Edwards Pat, . Alexander wish. Canada: Longman Cheshire Pty. Ltd. 1987.

  • Place hold
  • Print
  • Cite
  • Add to your cart (remove)
  • Save record
    BIBTEX Dublin Core MARCXML MARC (non-Unicode/MARC-8) MARC (Unicode/UTF-8) MARC (Unicode/UTF-8, Standard) MODS (XML) RIS
  • More searches
    Search for this title in:
    Other Libraries (WorldCat) Other Databases (Google Scholar) Online Stores (Bookfinder.com) Open Library (openlibrary.org)

Exporting to Dublin Core...

SOUTHVILLE LIBRARY

Southville International School and Colleges Library

1281 Tropical Ave. Cor. Luxembourg St., BF Homes International, Las Pinas City

Tel. No. 8256374 / 252358 Loc. 117/146

Powered by Koha